00579nam a2200181 a 450000100100000000500170001000800410002702000150006804000250008308200150010824501090012326000360023230000280026850400310029670000230032770000230035070000240037300003630620200930075647.0120112s1984 xxu 000 0 spa d a0890046654 aDO-SdBNPbspacBNPHU axxxxbA63300aAntiviral agents and viral diseases of man. /cGeorge J. Galasso, Thomas C. Merigan, Robert A. Buchanan. aNew York :bRaven Press,c1984. a577 p. :bils ;c26 cm. aBibliografía : p.557-5581 aGalasso, George J.1 aMerigan, Thomas C.1 aBuchanan, Robert A.